[Event "Pfalz-ch MT-A 87th"]
[Site "Landau"]
[Date "2018.03.31"]
[Round "9"]
[White "Nazarenus, Olaf"]
[Black "Busch, Lorenz"]
[Result "1-0"]
[WhiteElo "2090"]
[BlackElo "2112"]
[PlyCount "57"]
[EventDate "2018.03.23"]
[EventType "tourn"]
[EventRounds "9"]
[EventCountry "GER"]
[SourceTitle "EXT 2019"]
[Source "ChessBase"]
[SourceDate "2018.10.10"]
[SourceVersion "1"]
[SourceVersionDate "2018.10.10"]
[SourceQuality "1"]

1. Nf3 Nf6 2. b3 g6 3. Bb2 Bg7 4. e4 d6 5. Bc4 0-0 6. Qe2 Nbd7 7. Nc3 c6 8. d4 Nb6 9. Bd3 Nh5 10. Qe3 e5 11. dxe5 dxe5 12. Ne2 Qc7 13. 0-0-0 Nd7 14. g4 Nf4 15. h4 Nxd3+ 16. Rxd3 Qb6 17. h5 Nc5 18. hxg6 Nxd3+ 19. Qxd3 Bxg4 20. gxh7+ Kh8 21. Nxe5 Bxe2 22. Qxe2 Qd8 23. Qg4 Qe7 24. f4 Bxe5 25. fxe5 Qe6 26. Qg5 f6 27. exf6 Rf7 28. Qg7+ Rxg7 29. fxg7# 1-0

[Event "Pfalz-ch MT-A 87th"]
[Site "Landau"]
[Date "2018.03.24"]
[Round "2"]
[White "Nazarenus, Olaf"]
[Black "Heider, Martin"]
[Result "0-1"]
[WhiteElo "2090"]
[BlackElo "2372"]
[PlyCount "78"]
[EventDate "2018.03.23"]
[EventType "tourn"]
[EventRounds "9"]
[EventCountry "GER"]
[SourceTitle "EXT 2019"]
[Source "ChessBase"]
[SourceDate "2018.10.10"]
[SourceVersion "1"]
[SourceVersionDate "2018.10.10"]
[SourceQuality "1"]

1. e4 c6 2. d4 d5 3. Nc3 dxe4 4. Nxe4 Bf5 5. Ng3 Bg6 6. h4 h6 7. Nf3 e6 8. h5 Bh7 9. Bd3 Bxd3 10. Qxd3 Nf6 11. Bf4 Bb4+ 12. c3 Bd6 13. Bxd6 Qxd6 14. Ne4 Qd5 15. Nfd2 Nxe4 16. Nxe4 Nd7 17. c4 Qa5+ 18. Qc3 Qxc3+ 19. bxc3 Ke7 20. Ke2 b6 21. a4 Rab8 22. f3 Rhc8 23. Rhb1 c5 24. Nd2 a5 25. Rb5 Rc7 26. Rab1 Rbc8 27. g4 Rg8 28. Kd3 Rd8 29. Ke3 Rcc8 30. R5b2 Rg8 31. Re1 g6 32. Rh1 g5 33. Re1 Rgf8 34. Kd3 f5 35. Re3 fxg4 36. fxg4 Rf4 37. d5 e5 38. Nf3 Kd6 39. Rg2 e4+ 0-1

[Event "Budapest FS08 IM"]
[Site "Budapest"]
[Date "2017.08.14"]
[Round "8"]
[White "Citra, Dewi Ardhiani Anast"]
[Black "Nazarenus, Olaf"]
[Result "1/2-1/2"]
[WhiteElo "2264"]
[BlackElo "2089"]
[PlyCount "100"]
[EventDate "2017.08.05"]
[EventType "tourn"]
[EventRounds "9"]
[EventCountry "HUN"]
[EventCategory "1"]
[SourceTitle "CBM 180 Extra"]
[Source "ChessBase"]
[SourceDate "2017.10.06"]
[SourceVersion "1"]
[SourceVersionDate "2017.10.06"]
[SourceQuality "1"]

1. e4 b6 2. d4 Bb7 3. Bd3 e6 4. Nf3 c5 5. c3 cxd4 6. cxd4 Nf6 7. Qe2 d5 8. e5 Ne4 9. Nbd2 Bb4 10. 0-0 Nxd2 11. Bxd2 Bxd2 12. Nxd2 Nc6 13. Qg4 Qe7 14. a3 0-0-0 15. Qd1 Kb8 16. Qa4 Rc8 17. f4 f5 18. Rac1 Rc7 19. Nf3 h6 20. h4 Rhc8 21. Rc3 Na5 22. Rxc7 Rxc7 23. Qd1 Qe8 24. Nd2 Nc4 25. Bxc4 dxc4 26. Nb1 Qd8 27. Nc3 Qxh4 28. d5 exd5 29. Nb5 Rd7 30. Nd4 g6 31. e6 Rc7 32. Qc1 Qf6 33. Qe3 Re7 34. g4 fxg4 35. Qe5+ Qxe5 36. fxe5 Re8 37. Rf7 a6 38. Kg2 h5 39. Kg3 g5 40. Rh7 b5 41. Rxh5 Bc8 42. Rh6 Kc7 43. Kxg4 Kb6 44. Kxg5 Kc5 45. Rh4 Bxe6 46. Kf6 Bc8 47. b4+ cxb3 48. Nxb3+ Kb6 49. Nd4 Kc5 50. Nb3+ Kb6 1/2-1/2

[Event "Budapest FS08 IM"]
[Site "Budapest"]
[Date "2017.08.06"]
[Round "2"]
[White "Kantsler, Boris"]
[Black "Nazarenus, Olaf"]
[Result "1-0"]
[WhiteElo "2427"]
[BlackElo "2089"]
[PlyCount "99"]
[EventDate "2017.08.05"]
[EventType "tourn"]
[EventRounds "9"]
[EventCountry "HUN"]
[EventCategory "1"]
[SourceTitle "CBM 180 Extra"]
[Source "ChessBase"]
[SourceDate "2017.10.06"]
[SourceVersion "1"]
[SourceVersionDate "2017.10.06"]
[SourceQuality "1"]

1. Nf3 c5 2. g3 d5 3. Bg2 Nf6 4. 0-0 Nc6 5. d4 e6 6. c4 dxc4 7. Qa4 Bd7 8. Qxc4 Qb6 9. dxc5 Bxc5 10. Nc3 Na5 11. Qh4 Be7 12. Ne5 Bc6 13. Nxc6 Nxc6 14. Rb1 0-0 15. Be3 Qb4 16. Qxb4 Bxb4 17. Rfc1 Ng4 18. Bxc6 bxc6 19. Nd1 Nxe3 20. Nxe3 Rfc8 21. Rc2 Rc7 22. Rbc1 Rac8 23. Nc4 Be7 24. Ne5 c5 25. Rc4 Bd6 26. Nd3 Kf8 27. b3 Ke8 28. Ra4 f5 29. Ra6 Ke7 30. Rc4 Rd8 31. Ra5 Rdc8 32. Rca4 c4 33. bxc4 Rxc4 34. Rxa7+ Kf6 35. Rxc4 Rxc4 36. Ra6 Bc7 37. h4 g5 38. Kg2 Rc2 39. Nb4 Rd2 40. a4 h6 41. a5 Rd4 42. Ra7 Rxb4 43. Rxc7 Ra4 44. Ra7 g4 45. f4 gxf3+ 46. Kxf3 h5 47. a6 Ke5 48. Ra8 f4 49. a7 Ra2 50. gxf4+ 1-0

[Event "Pfalz-ch MT-B 86th"]
[Site "Wolfstein"]
[Date "2017.04.14"]
[Round "7"]
[White "Maeurer, Fabian"]
[Black "Nazarenus, Olaf"]
[Result "1-0"]
[WhiteElo "2005"]
[BlackElo "2055"]
[PlyCount "69"]
[EventDate "2017.04.07"]
[EventType "tourn"]
[EventRounds "9"]
[EventCountry "GER"]
[SourceTitle "EXT 2018"]
[Source "ChessBase"]
[SourceDate "2017.10.13"]
[SourceVersion "1"]
[SourceVersionDate "2017.10.13"]
[SourceQuality "1"]

1. e4 d5 2. exd5 Qxd5 3. Nc3 Qd6 4. d4 Nf6 5. Bd3 c6 6. Nge2 Bg4 7. Bf4 Qb4 8. Qd2 e6 9. a3 Qb6 10. 0-0 Nbd7 11. Rfe1 Bxe2 12. Nxe2 Be7 13. b4 0-0 14. c3 a5 15. h3 Ra7 16. Ra2 Nd5 17. Bg3 Rfa8 18. Rea1 Qd8 19. f4 Bd6 20. b5 cxb5 21. Bxb5 N7f6 22. Bd3 Nh5 23. Bh2 Qb8 24. Rf1 b5 25. Rb2 Rb7 26. g4 Nhf6 27. Rfb1 Bxa3 28. Rxb5 Rxb5 29. Rxb5 Qa7 30. f5 Qd7 31. fxe6 Qxe6 32. Bf5 Qe8 33. c4 Bb4 34. Qd3 Ne3 35. Re5 1-0

[Event "Zweibruecken PSB-ch MTB 82nd"]
[Site "Zweibruecken"]
[Date "2013.03.29"]
[Round "7"]
[White "Nazarenus, Olaf"]
[Black "Nasshan, Dennis"]
[Result "1/2-1/2"]
[WhiteElo "2052"]
[BlackElo "2136"]
[PlyCount "161"]
[EventDate "2013.??.??"]
[EventType "tourn"]
[EventRounds "9"]
[EventCountry "GER"]
[SourceTitle "EXT 2014"]
[Source "ChessBase"]
[SourceDate "2013.11.20"]
[SourceVersion "1"]
[SourceVersionDate "2013.11.20"]
[SourceQuality "1"]

1. e4 c5 2. Nc3 Nc6 3. g3 g6 4. Bg2 Bg7 5. Nge2 d6 6. 0-0 e6 7. d3 Nge7 8. Bg5 h6 9. Be3 Nd4 10. Qd2 Rb8 11. f4 b5 12. Bf2 b4 13. Nd1 Qc7 14. Nxd4 cxd4 15. g4 e5 16. f5 g5 17. h4 Bf6 18. h5 Bd7 19. c3 bxc3 20. bxc3 Qa5 21. Be1 Bb5 22. Qb2 Qb6 23. c4 Bc6 24. Qa3 Qc5 25. Qa5 Qxa5 26. Bxa5 Kd7 27. Nf2 Rb7 28. Rfb1 Rhb8 29. Rxb7+ Rxb7 30. Bf3 Nc8 31. Nh3 Be7 32. Bd1 f6 33. Bb3 Bd8 34. Bxd8 Kxd8 35. Rb1 Ke7 36. Kf1 Nb6 37. Bc2 Nd7 38. Rxb7 Bxb7 39. Ke2 Bc6 40. Kd2 Nc5 41. Kc1 Kd8 42. Kb2 Kc7 43. Ng1 a6 44. Nf3 Kb6 45. Nd2 Be8 46. Ka3 a5 47. Kb2 Na6 48. Nf3 Nb4 49. a3 Na6 50. Ne1 Nc5 51. Nf3 Kc7 52. Kc1 Bc6 53. Nd2 Kb6 54. Kb2 Be8 55. Nf3 Kc7 56. Nd2 Bd7 57. Nf3 Be8 58. Nd2 Bd7 59. Nf3 Be8 60. Ne1 Bd7 61. Nf3 Be8 62. Nd2 Bd7 63. Nf3 Be8 64. Nd2 Bd7 65. Kc1 Be8 66. Nf3 Bd7 67. Kb2 Be8 68. Nd2 Bd7 69. Nf3 Be8 70. Ne1 Bd7 71. Nf3 Be8 72. Nd2 Bd7 73. Nf3 Be8 74. Nh2 Bd7 75. Nf1 Be8 76. Nd2 Bd7 77. Kc1 Be8 78. Nf3 Bd7 79. Nd2 Be8 80. Nf3 Bd7 81. Kb2 1/2-1/2

[Event "Zweibruecken PSB-ch MTB 82nd"]
[Site "Zweibruecken"]
[Date "2013.03.24"]
[Round "4"]
[White "Schmidt, Justus"]
[Black "Nazarenus, Olaf"]
[Result "0-1"]
[WhiteElo "1875"]
[BlackElo "2052"]
[PlyCount "114"]
[EventDate "2013.??.??"]
[EventType "tourn"]
[EventRounds "9"]
[EventCountry "GER"]
[SourceTitle "EXT 2014"]
[Source "ChessBase"]
[SourceDate "2013.11.20"]
[SourceVersion "1"]
[SourceVersionDate "2013.11.20"]
[SourceQuality "1"]

1. e4 c5 2. Nf3 g6 3. d3 Bg7 4. g3 Nf6 5. Bg2 d5 6. Nbd2 dxe4 7. dxe4 Nc6 8. 0-0 0-0 9. c3 Qc7 10. Re1 Ng4 11. Nc4 Be6 12. Ne3 Nxe3 13. Bxe3 Rad8 14. Qc2 Qa5 15. Bf1 h6 16. h3 Rd7 17. Nd2 Rfd8 18. f4 Qc7 19. Kh2 Na5 20. b3 a6 21. Rad1 b5 22. f5 gxf5 23. exf5 Bd5 24. Bf4 Qb7 25. Rc1 c4 26. b4 Nc6 27. Ne4 Bxe4 28. Qxe4 Na7 29. Qe3 Qc6 30. Bg2 Qf6 31. Be4 Nc8 32. g4 Qb6 33. Qg3 Kf8 34. Rg1 Nd6 35. Bb1 Qc6 36. Rce1 Ne8 37. Be4 Qf6 38. Re3 Rd2+ 39. Rg2 Rxg2+ 40. Bxg2 Rd2 41. Kg1 Qb6 42. Kh1 Rxa2 43. Qe1 Qf6 44. Bf3 a5 45. Be5 Qb6 46. Bxg7+ Nxg7 47. bxa5 Qxa5 48. Qh4 Qc7 49. Be2 Qd6 50. Kg2 b4 51. cxb4 c3 52. Qe1 Qxb4 53. Kf3 Qb7+ 54. Kf2 c2 55. Rc3 Qb6+ 56. Kg2 Qb2 57. Kg3 Ra3 0-1

[Event "Zweibruecken PSB-ch MTB 82nd"]
[Site "Zweibruecken"]
[Date "2013.03.23"]
[Round "2"]
[White "Helbig, Daniel"]
[Black "Nazarenus, Olaf"]
[Result "1-0"]
[WhiteElo "2090"]
[BlackElo "2052"]
[PlyCount "55"]
[EventDate "2013.??.??"]
[EventType "tourn"]
[EventRounds "9"]
[EventCountry "GER"]
[SourceTitle "EXT 2014"]
[Source "ChessBase"]
[SourceDate "2013.11.20"]
[SourceVersion "1"]
[SourceVersionDate "2013.11.20"]
[SourceQuality "1"]

1. d4 d5 2. c4 Bf5 3. Nc3 e6 4. cxd5 exd5 5. Qb3 Nc6 6. Be3 Nf6 7. a3 Na5 8. Qa4+ c6 9. Nf3 Nc4 10. Bc1 b5 11. Qd1 Qa5 12. Nd2 Nxa3 13. Nb3 Nc2+ 14. Qxc2 Qxa1 15. Qxf5 Qa6 16. g3 Bd6 17. e3 0-0 18. Bd3 Bb4 19. 0-0 Qc8 20. Na2 Be7 21. Bd2 g6 22. Qxc8 Rfxc8 23. Rc1 Ne4 24. Bxe4 dxe4 25. Nb4 Bxb4 26. Bxb4 f5 27. Na5 Kg7 28. Rc3 1-0

[Event "Zweibruecken PSB-ch MTB 82nd"]
[Site "Zweibruecken"]
[Date "2013.03.22"]
[Round "1"]
[White "Nazarenus, Olaf"]
[Black "Schluchter, Steffen"]
[Result "0-1"]
[WhiteElo "2052"]
[BlackElo "2173"]
[PlyCount "64"]
[EventDate "2013.??.??"]
[EventType "tourn"]
[EventRounds "9"]
[EventCountry "GER"]
[SourceTitle "EXT 2014"]
[Source "ChessBase"]
[SourceDate "2013.11.20"]
[SourceVersion "1"]
[SourceVersionDate "2013.11.20"]
[SourceQuality "1"]

1. Nf3 c5 2. e4 d6 3. d4 cxd4 4. Nxd4 Nf6 5. Bd3 Nc6 6. c3 e5 7. Ne2 Be7 8. 0-0 0-0 9. c4 Nb4 10. Nbc3 Be6 11. b3 a6 12. Ng3 Nd7 13. Be2 Nc5 14. Be3 Qc7 15. a3 Nc6 16. Rc1 Rac8 17. Nd5 Qb8 18. b4 Nd7 19. Nxe7+ Nxe7 20. Qd2 Rc6 21. b5 axb5 22. cxb5 Rxc1 23. Rxc1 d5 24. exd5 Nxd5 25. Ne4 Nxe3 26. Qxe3 Rc8 27. Rd1 h6 28. Nd6 Rc7 29. Bf3 f6 30. b6 Rc2 31. Qd3 Rb2 32. Bd5 Qxd6 0-1

[Event "Oberliga Sued W 1112"]
[Site "Germany"]
[Date "2011.12.11"]
[Round "4"]
[White "Forthoffer, Patrick"]
[Black "Nazarenus, Olaf"]
[Result "1/2-1/2"]
[WhiteElo "2190"]
[BlackElo "2046"]
[PlyCount "25"]
[EventDate "2011.09.25"]
[EventType "team-tourn"]
[EventRounds "9"]
[EventCountry "GER"]
[SourceTitle "EXT 2013"]
[Source "ChessBase"]
[SourceDate "2012.11.22"]
[SourceVersion "1"]
[SourceVersionDate "2012.11.22"]
[SourceQuality "1"]
[WhiteTeam "Saarbruecken Gambit"]
[BlackTeam "Worms"]
[WhiteTeamCountry "GER"]
[BlackTeamCountry "GER"]

1. d4 d5 2. Nf3 Bf5 3. c4 Bxb1 4. Rxb1 c6 5. Qb3 Qb6 6. Qxb6 axb6 7. cxd5 Rxa2 8. dxc6 bxc6 9. e3 e6 10. Bc4 Bb4+ 11. Ke2 Ra7 12. Ne5 Nf6 13. Bd2 1/2-1/2

[Event "Oberliga Sued W 1011"]
[Site "Germany"]
[Date "2010.10.10"]
[Round "1.5"]
[White "Nazarenus, Olaf"]
[Black "Lantzsch, Christian"]
[Result "0-1"]
[WhiteElo "2107"]
[BlackElo "2180"]
[PlyCount "92"]
[EventDate "2010.10.10"]
[EventType "team-tourn"]
[EventRounds "9"]
[EventCountry "GER"]
[SourceTitle "EXT 2012"]
[Source "ChessBase"]
[SourceDate "2011.11.24"]
[SourceVersion "1"]
[SourceVersionDate "2011.11.24"]
[SourceQuality "1"]
[WhiteTeam "Worms"]
[BlackTeam "Heidesheim"]
[WhiteTeamCountry "GER"]
[BlackTeamCountry "GER"]

1. e4 e6 2. Qe2 c5 3. g3 Nc6 4. Bg2 Nge7 5. Nf3 d6 6. 0-0 g6 7. Nc3 Bg7 8. d3 0-0 9. Bg5 h6 10. Be3 e5 11. Ne1 f5 12. f4 exf4 13. gxf4 Rb8 14. Qd2 b6 15. Nf3 Bb7 16. Rae1 d5 17. exd5 Nxd5 18. Nxd5 Qxd5 19. Ne5 Qd6 20. Nxc6 Bxc6 21. b3 Rbe8 22. Bxc6 Qxc6 23. Qg2 Qxg2+ 24. Kxg2 Bc3 25. Re2 g5 26. Rff2 g4 27. Kf1 Kf7 28. Bd2 Bd4 29. Rxe8 Rxe8 30. Re2 Rg8 31. Kg2 h5 32. Be1 Bf6 33. b4 cxb4 34. Bxb4 h4 35. a4 h3+ 36. Kh1 Rd8 37. a5 Rd4 38. Bd2 Ra4 39. axb6 axb6 40. Kg1 Bd4+ 41. Kf1 Ra1+ 42. Re1 Ra2 43. Rc1 Kg6 44. Ke2 Bc5 45. c3 Bd6 46. Ke3 Rxd2 0-1

[Event "Budapest FS07 IM-A"]
[Site "Budapest"]
[Date "2009.07.09"]
[Round "6"]
[White "Margraf, Daniel"]
[Black "Nazarenus, Olaf"]
[Result "0-1"]
[WhiteElo "2238"]
[BlackElo "2154"]
[PlyCount "44"]
[EventDate "2009.07.04"]
[EventType "tourn"]
[EventRounds "11"]
[EventCountry "HUN"]
[SourceTitle "CBM 131 Extra"]
[Source "ChessBase"]
[SourceDate "2009.09.03"]
[SourceVersion "2"]
[SourceVersionDate "2009.09.16"]
[SourceQuality "1"]

1. e4 c5 2. Nc3 g6 3. f4 Bg7 4. Nf3 Nc6 5. Bc4 e6 6. f5 exf5 7. d3 Bxc3+ 8. bxc3 Qa5 9. Rb1 fxe4 10. Ng5 Qxc3+ 11. Bd2 Qe5 12. dxe4 h6 13. Nf3 Qxe4+ 14. Be2 Nge7 15. 0-0 Rg8 16. Rf2 Nd4 17. Bd3 Nxf3+ 18. Rxf3 Qh4 19. Qf1 f5 20. Kh1 b6 21. Rf4 Qg5 22. Rf2 Qf6 0-1

[Event "Budapest FS07 IM-A"]
[Site "Budapest"]
[Date "2009.07.07"]
[Round "4"]
[White "Farago, Sandor"]
[Black "Nazarenus, Olaf"]
[Result "1-0"]
[WhiteElo "2244"]
[BlackElo "2154"]
[PlyCount "43"]
[EventDate "2009.07.04"]
[EventType "tourn"]
[EventRounds "11"]
[EventCountry "HUN"]
[SourceTitle "CBM 131 Extra"]
[Source "ChessBase"]
[SourceDate "2009.09.03"]
[SourceVersion "2"]
[SourceVersionDate "2009.09.16"]
[SourceQuality "1"]

1. e4 c5 2. Nf3 d6 3. d4 cxd4 4. Nxd4 Nf6 5. Nc3 g6 6. Be3 Bg7 7. Bc4 0-0 8. h3 Nxe4 9. Nxe4 d5 10. Nb5 e6 11. Bd4 Qa5+ 12. c3 dxc4 13. Bxg7 Kxg7 14. Qd4+ f6 15. Qxc4 Nc6 16. 0-0-0 a6 17. Nbd6 Ne5 18. Qb3 Bd7 19. f4 Nf7 20. Nxb7 Qc7 21. Nbc5 Rad8 22. Rxd7 1-0

[Event "Budapest FS07 IM-A"]
[Site "Budapest"]
[Date "2009.07.04"]
[Round "1"]
[White "Nazarenus, Olaf"]
[Black "Bakin, Alexander1111"]
[Result "0-1"]
[WhiteElo "2154"]
[BlackElo "2248"]
[PlyCount "64"]
[EventDate "2009.07.04"]
[EventType "tourn"]
[EventRounds "11"]
[EventCountry "HUN"]
[SourceTitle "CBM 131 Extra"]
[Source "ChessBase"]
[SourceDate "2009.09.03"]
[SourceVersion "2"]
[SourceVersionDate "2009.09.16"]
[SourceQuality "1"]

1. Nf3 c5 2. b3 d5 3. Bb2 Nc6 4. e3 Nf6 5. d4 Bg4 6. Be2 e6 7. Nbd2 Be7 8. 0-0 0-0 9. dxc5 Bxc5 10. c4 a6 11. Rc1 Be7 12. Nd4 Bxe2 13. Qxe2 Nxd4 14. Bxd4 Rc8 15. cxd5 exd5 16. Qd3 Qa5 17. Rc2 Rc6 18. Rfc1 Rfc8 19. g3 h6 20. Qf5 Qc7 21. Rxc6 bxc6 22. Nf3 Qd7 23. Qd3 Qb7 24. Nh4 Ne4 25. Nf5 Bf8 26. Bb2 Qd7 27. Nd4 c5 28. Qxa6 Rc7 29. Nb5 Rc6 30. Qa4 Qf5 31. Rf1 Nd2 32. Nc3 Qh3 0-1

[Event "Hassloch MTB"]
[Site "Hassloch"]
[Date "2009.04.10"]
[Round "7"]
[White "Nazarenus, Olaf"]
[Black "Ludy, Klaus"]
[Result "1-0"]
[WhiteElo "2123"]
[BlackElo "2146"]
[PlyCount "55"]
[EventDate "2009.04.10"]
[EventType "tourn"]
[EventRounds "9"]
[EventCountry "GER"]
[SourceTitle "EXT 2011"]
[Source "ChessBase"]
[SourceDate "2010.11.26"]
[SourceVersion "1"]
[SourceVersionDate "2010.11.26"]
[SourceQuality "1"]

1. Nf3 d5 2. b3 Nf6 3. Bb2 Nbd7 4. d4 Ne4 5. e3 e6 6. Bd3 Ndf6 7. 0-0 Be7 8. Ne5 0-0 9. f3 Nd6 10. Qe2 Nd7 11. e4 f6 12. Ng4 f5 13. Nf2 fxe4 14. fxe4 dxe4 15. Nxe4 Rxf1+ 16. Kxf1 Nxe4 17. Qxe4 Nf6 18. Qh4 b6 19. Nd2 Bb7 20. Qh3 Qd6 21. Nc4 Qf4+ 22. Kg1 Bd5 23. Rf1 Qg4 24. Bxh7+ Kh8 25. Bf5+ Qxh3 26. Bxh3 c5 27. Ne5 cxd4 28. Ng6+ 1-0

[Event "Hassloch MTB"]
[Site "Hassloch"]
[Date "2009.04.10"]
[Round "6"]
[White "Vogel, Johannes"]
[Black "Nazarenus, Olaf"]
[Result "0-1"]
[WhiteElo "2078"]
[BlackElo "2123"]
[PlyCount "78"]
[EventDate "2009.04.10"]
[EventType "tourn"]
[EventRounds "9"]
[EventCountry "GER"]
[SourceTitle "EXT 2011"]
[Source "ChessBase"]
[SourceDate "2010.11.26"]
[SourceVersion "1"]
[SourceVersionDate "2010.11.26"]
[SourceQuality "1"]

1. e4 c5 2. Nf3 g6 3. d4 cxd4 4. Nxd4 Bg7 5. c4 Nc6 6. Nc2 Nf6 7. Nc3 0-0 8. Be2 d6 9. 0-0 Be6 10. b3 Rc8 11. Be3 Qa5 12. Bd2 Qc7 13. Rc1 Ne5 14. Ne3 Qc5 15. Kh1 Qd4 16. Nc2 Qb6 17. h3 Nc6 18. Qe1 Rfe8 19. Be3 Qa5 20. Bd2 Bd7 21. f4 Qc7 22. Qh4 Nd8 23. Bd3 Ne6 24. Ne3 Nc5 25. Bb1 Qb8 26. f5 Bc6 27. fxg6 hxg6 28. Ned5 Ncd7 29. Bg5 b5 30. cxb5 Bxb5 31. Nxb5 Qxb5 32. Nxe7+ Rxe7 33. Rxc8+ Re8 34. Rfc1 Rxc8 35. Rxc8+ Nf8 36. Qf2 Qxg5 37. Qxa7 Nh5 38. Qf2 Ng3+ 39. Kg1 Bd4 0-1

[Event "SUI-chT"]
[Site "Switzerland"]
[Date "2008.06.22"]
[Round "5.6"]
[White "Drabke, Lorenz Maximilian"]
[Black "Nazarenus, Olaf"]
[Result "1-0"]
[WhiteElo "2419"]
[BlackElo "2077"]
[PlyCount "83"]
[EventDate "2008.03.02"]
[EventType "team-tourn"]
[EventRounds "9"]
[EventCountry "SUI"]
[SourceTitle "EXT 2009"]
[Source "ChessBase"]
[SourceDate "2008.11.26"]
[SourceVersion "1"]
[SourceVersionDate "2008.11.26"]
[SourceQuality "1"]
[WhiteTeam "Reichenstein"]
[BlackTeam "Bern"]
[WhiteTeamCountry "SUI"]
[BlackTeamCountry "SUI"]

1. e4 c5 2. Nf3 d6 3. Bb5+ Bd7 4. Bxd7+ Qxd7 5. 0-0 Nc6 6. c3 Nf6 7. d4 e6 8. d5 Nd8 9. Qe2 Be7 10. c4 0-0 11. Nc3 Ne8 12. dxe6 Nxe6 13. Rd1 N8c7 14. Be3 Rfd8 15. Rd2 Qe8 16. Rad1 a6 17. Ne1 b5 18. f4 bxc4 19. Qxc4 Rab8 20. a3 Rb6 21. Nf3 Rdb8 22. b4 Rc6 23. Nd5 Bf8 24. Rc1 Nb5 25. a4 Nbc7 26. bxc5 dxc5 27. f5 Nd8 28. Bf4 Nxd5 29. Bxb8 Nb6 30. Qxa6 Qxe4 31. Re1 Nd7 32. Rxe4 Rxa6 33. Rxd7 Nc6 34. Re8 Ra8 35. Rb7 c4 36. Ne5 Nxe5 37. Rxe5 f6 38. Re8 c3 39. Rc8 h5 40. Rxc3 Kh7 41. Rc4 Rxb8 42. Rxb8 1-0

[Event "SUI-chT"]
[Site "Switzerland"]
[Date "2008.05.25"]
[Round "4.6"]
[White "Nazarenus, Olaf"]
[Black "Serban, Vlad"]
[Result "1-0"]
[WhiteElo "2077"]
[BlackElo "2178"]
[PlyCount "93"]
[EventDate "2008.03.02"]
[EventType "team-tourn"]
[EventRounds "9"]
[EventCountry "SUI"]
[SourceTitle "EXT 2009"]
[Source "ChessBase"]
[SourceDate "2008.11.26"]
[SourceVersion "1"]
[SourceVersionDate "2008.11.26"]
[SourceQuality "1"]
[WhiteTeam "Bern"]
[BlackTeam "Lausanne"]
[WhiteTeamCountry "SUI"]
[BlackTeamCountry "SUI"]

1. Nf3 g6 2. e4 c5 3. d4 cxd4 4. Qxd4 Nf6 5. e5 Nc6 6. Qf4 Nd5 7. Qe4 Nb6 8. Bf4 Bg7 9. Nc3 d5 10. exd6 Bf5 11. dxe7 Bxc3+ 12. bxc3 Bxe4 13. exd8R+ Rxd8 14. Bh6 Bxc2 15. Bb5 Rd6 16. 0-0 f6 17. Bf4 Rd5 18. c4 Rd7 19. c5 Nc8 20. Rfe1+ Kf7 21. Bh6 Bd3 22. Ba4 Bc4 23. Re4 Bd5 24. Rf4 f5 25. Bxc6 Bxc6 26. Ne5+ Kf6 27. Nxd7+ Bxd7 28. Rd4 Bc6 29. h4 Re8 30. a4 Ke5 31. Bg7+ Ke6 32. Re1+ Kf7 33. Rxe8 Bxe8 34. Bh6 Ne7 35. Bd2 Nc6 36. Rd6 Ne5 37. Bc3 Nc6 38. a5 a6 39. Kh2 Nb8 40. Kg3 Nc6 41. Kf4 Ne7 42. Rf6+ Kg8 43. Ke5 Bc6 44. Rd6 Kf7 45. g3 Be4 46. Rd7 Bc6 47. Rd8 1-0

[Event "Budapest FS06 IM"]
[Site "Budapest"]
[Date "2005.06.15"]
[Round "12"]
[White "Lettieri, Giuseppe"]
[Black "Nazarenus, Olaf"]
[Result "1-0"]
[WhiteElo "2246"]
[BlackElo "2115"]
[PlyCount "87"]
[EventDate "2005.06.04"]
[EventType "tourn"]
[EventRounds "13"]
[EventCountry "HUN"]
[SourceTitle "CBM 106 Extra"]
[Source "ChessBase"]
[SourceDate "2005.07.01"]
[SourceVersion "1"]
[SourceVersionDate "2005.07.01"]
[SourceQuality "1"]

1. e4 a6 2. d4 b5 3. a4 Bb7 4. Bd3 e6 5. Nf3 c5 6. c3 c4 7. Bc2 d5 8. e5 Nc6 9. Ng5 b4 10. Qf3 Nh6 11. Bxh7 g6 12. Nxf7 Nxf7 13. Bxg6 Qd7 14. h4 Bg7 15. Bg5 Rf8 16. h5 Ne7 17. Bf6 Bh6 18. cxb4 0-0-0 19. b5 Rde8 20. Qa3 Ng8 21. Bh4 Kb8 22. bxa6 Bxa6 23. Qb4+ Qb7 24. Qxb7+ Kxb7 25. g4 Rb8 26. Bxf7 Rxf7 27. g5 Bg7 28. Nc3 Kc6 29. 0-0-0 Rf3 30. h6 Nxh6 31. gxh6 Bxh6+ 32. Kc2 Rg8 33. Bg3 Be3 34. fxe3 Rgxg3 35. Rh6 Bc8 36. e4 Rg2+ 37. Rd2 Rxd2+ 38. Kxd2 Rd3+ 39. Ke2 dxe4 40. d5+ Kc5 41. d6 Kd4 42. Rh8 Kxe5 43. Rxc8 Rxd6 44. Rxc4 1-0

[Event "Budapest FS06 IM"]
[Site "Budapest"]
[Date "2005.06.09"]
[Round "6"]
[White "Eperjesi, Laszlo"]
[Black "Nazarenus, Olaf"]
[Result "1/2-1/2"]
[WhiteElo "2262"]
[BlackElo "2115"]
[PlyCount "32"]
[EventDate "2005.06.04"]
[EventType "tourn"]
[EventRounds "13"]
[EventCountry "HUN"]
[SourceTitle "CBM 106 Extra"]
[Source "ChessBase"]
[SourceDate "2005.07.01"]
[SourceVersion "1"]
[SourceVersionDate "2005.07.01"]
[SourceQuality "1"]

1. d4 d5 2. Nf3 Bf5 3. e3 e6 4. Be2 Nf6 5. Nbd2 Nbd7 6. Nh4 Bg6 7. g3 Be7 8. Nxg6 hxg6 9. Bf3 e5 10. dxe5 Nxe5 11. Bg2 c6 12. h3 Qb6 13. Qe2 0-0-0 14. a4 Qc5 15. Nb3 Qc4 16. Qxc4 Nxc4 1/2-1/2

[Event "Budapest FS06 IM"]
[Site "Budapest"]
[Date "2005.06.07"]
[Round "4"]
[White "Laciner, Kerem"]
[Black "Nazarenus, Olaf"]
[Result "1-0"]
[WhiteElo "2174"]
[BlackElo "2115"]
[PlyCount "43"]
[EventDate "2005.06.04"]
[EventType "tourn"]
[EventRounds "13"]
[EventCountry "HUN"]
[SourceTitle "CBM 106 Extra"]
[Source "ChessBase"]
[SourceDate "2005.07.01"]
[SourceVersion "1"]
[SourceVersionDate "2005.07.01"]
[SourceQuality "1"]

1. d4 c5 2. d5 f5 3. Nc3 Nf6 4. g3 e5 5. dxe6 d5 6. e4 fxe4 7. Bg5 Bxe6 8. Nge2 d4 9. Nxe4 Qd5 10. Nxf6+ gxf6 11. Bxf6 Qxh1 12. Bxh8 Bh3 13. Ng1 Qe4+ 14. Qe2 Bf5 15. Qxe4+ Bxe4 16. 0-0-0 Nd7 17. Re1 0-0-0 18. Rxe4 Bh6+ 19. f4 Rxh8 20. Bh3 Kd8 21. Re6 Bg7 22. Rd6 1-0